Strength of materials: Mechanics of solids (Record no. 141475)

MARC details
000 -LEADER
fixed length control field 00363nam a2200145Ia 4500
008 - FIXED-LENGTH DATA ELEMENTS--GENERAL INFORMATION
fixed length control field 230917s9999||||xx |||||||||||||| ||und||
040 ## - CATALOGING SOURCE
-- 114925
Original cataloging agency VIVEKANANDA LIBRARY
041 ## - Language
-- English
082 ## - DDC NUMBER
Classification number 620.105 R11S
100 ## - MAIN ENTRY--PERSONAL NAME
Personal name Rajput, R K
245 #0 - TITLE STATEMENT
Title Strength of materials: Mechanics of solids
260 ## - PUBLICATION, DISTRIBUTION, ETC. (IMPRINT)
Place of publication, distribution, etc New Delhi
Name of publisher, distributor, etc S Chand
Date of publication, distribution, etc 2007
300 ## - PHYSICAL DESCRIPTION
Pages 1423 p.
942 ## - ADDED ENTRY ELEMENTS (KOHA)
Koha item type Books
Holdings
Withdrawn status Lost status Damaged status Not for loan Location (home branch) Sublocation or collection (holding branch) Shelving location Date acquired Koha issues (times borrowed) Koha full call number Accession No. Koha date last seen Koha item type Source of classification or shelving scheme
        VIVEKANANDA LIBRARY VIVEKANANDA LIBRARY UIET Library 24/04/2008 1 620.105 R11S 247814 14/10/2023 Books  
        VIVEKANANDA LIBRARY VIVEKANANDA LIBRARY UIET Library 24/04/2008 8 620.105 R11S 247815 09/10/2025 Books  
        VIVEKANANDA LIBRARY VIVEKANANDA LIBRARY UIET Library 24/04/2008 6 620.105 R11S 247816 30/05/2025 Books  
        VIVEKANANDA LIBRARY VIVEKANANDA LIBRARY UIET Library 24/04/2008 12 620.105 R11S 247817 20/04/2026 Books  
        VIVEKANANDA LIBRARY VIVEKANANDA LIBRARY UIET Library 24/04/2008 2 620.105 R11S 247818 17/03/2025 Books  
        VIVEKANANDA LIBRARY VIVEKANANDA LIBRARY UIET Library 24/04/2008 6 620.105 R11S 247819 04/04/2025 Books  
        VIVEKANANDA LIBRARY VIVEKANANDA LIBRARY UIET Library 24/04/2008 3 620.105 R11S 247820 03/06/2025 Books  
        VIVEKANANDA LIBRARY VIVEKANANDA LIBRARY UIET Library 24/04/2008 9 620.105 R11S 247821 01/01/2025 Books  
        VIVEKANANDA LIBRARY VIVEKANANDA LIBRARY UIET Library 24/04/2008 2 620.105 R11S 247822 10/10/2024 Books  
        VIVEKANANDA LIBRARY VIVEKANANDA LIBRARY UIET Library 24/04/2008 2 620.105 R11S 247823 19/12/2024 Books  
        VIVEKANANDA LIBRARY VIVEKANANDA LIBRARY UIET Library 24/04/2008 8 620.105 R11S 247824 17/11/2025 Books  
Withdrawn Lost and paid for     VIVEKANANDA LIBRARY VIVEKANANDA LIBRARY UIET Library 24/04/2008 1 620.105 R11S 247825 09/05/2025 Books Dewey Decimal Classification
        VIVEKANANDA LIBRARY VIVEKANANDA LIBRARY UIET Library 24/04/2008 7 620.105 R11S 247826 08/12/2025 Books  
        VIVEKANANDA LIBRARY VIVEKANANDA LIBRARY UIET Library 24/04/2008 1 620.105 R11S 247827 26/12/2024 Books  
        VIVEKANANDA LIBRARY VIVEKANANDA LIBRARY UIET Library 24/04/2008 8 620.105 R11S 247828 22/12/2025 Books  
© Designed and Maintained by Vivekananda Library, MDU Rohtak